| 000 | 00940nam a2200277 i 4500 | ||
|---|---|---|---|
| 001 | 135227 | ||
| 003 | ES-MaACL | ||
| 005 | 20250808040856.0 | ||
| 007 | t| | ||
| 008 | 070712s1985 sp ||||1| spa d | ||
| 020 | _a84-206-7048-0 | ||
| 080 | _a72 Michelangelo, (1475-1564) | ||
| 080 | _a73 Michelangelo, (1475-1564) | ||
| 080 | _a75 Michelangelo, (1475-1564) | ||
| 100 | 1 |
_aTolnay, Charles de. _9110475 |
|
| 245 | 1 | 0 |
_aMiguel Angel _b: escultor, pintor y arquitecto / _cCharles de Tolnay ; versión española de Aurelio Martínez Benito. |
| 260 |
_aMadrid : _bAlianza, _cD.L. 1985. |
||
| 300 |
_a226 p., [26] p. de lám. ; _c23 cm. |
||
| 490 | 1 |
_aAlianza forma ; _v48 |
|
| 504 | _aBibliografía. Indice. | ||
| 600 | 0 | 4 |
_aMichelangelo, _d1475-1564 _980912 |
| 700 | 1 |
_aMartínez Benito, Aurelio. _977891 |
|
| 830 | 0 | 0 |
_aAlianza forma _v48 _9177869 |
| 852 |
_aES-MaACL _jL-9260 _bR.110904 |
||
| 999 |
_c135227 _d135227 |
||